00608nam a2200169Ia 4500008004100000020001800041041000800059082001600067100004800083245005900131250000700190260002700197300002100224650004400245999001900289952013000308210716s2019 xx 000 0 und d a9788126556403 aeng a515.43 ANTH aAnton, Howard; Bivens, Irl; Davis, Stephen. aCalculus: late transcendentals.bLate transcendentals. a10 aNew DelhibWILEYc2019 axix,1168,A96,I26 aCalculus Of Finite Differences(515.62) c197184d197184 001040708MCAaAIMITbAIMITeKnowledge Worldg999.00l0o515.43 ANTHpMCA16699r2025-07-21 00:00:00v749.25w2021-07-16yBK